| 000 | 00000nam##2200000za#4500 |
| 001 | 9.643184 |
| 003 | CaOODSP |
| 005 | 20210624224042 |
| 007 | cr ||||||||||| |
| 008 | 150407|1999||||xxc|||||o f|0| 0 fre|d |
| 040 | |aCaOODSP|bfre |
| 043 | |an-cn--- |
| 086 | 1 |aEn4-246/1999F-PDF |
| 110 | 1 |aCanada. |bEnvironnement Canada. |
| 245 | 10|aProgramme d'indicateurs du développement durable (PIDD) : |h[ressource électronique]|blignes directrices sur l'élaboration d'indicateurs de la durabilité - guide de référence de l'utilisateur / |créalisé par Michael Ditor, Dennis O'Farrell, et Wayne Bond. |
| 260 | |aOttawa - Ontario : |bEnvironnement Canada |cMars 1999. |
| 300 | |a82p.|bfigures (certaines en couleur), références, tableaux |
| 590 | |a14-21-Supp|b2014-12-11 |
| 691 | 07|aDéveloppement durable|2gcpds |
| 691 | 07|aGestion de l'environnement|2gcpds |
| 691 | 07|aLogiciel|2gcpds |
| 775 | 08|tSustainable community indicators software : |w(CaOODSP)9.699126 |
| 856 | 40|ahttp://publications.gc.ca|qPDF|s583 Ko|uhttps://publications.gc.ca/collections/collection_2014/ec/En4-246-1999-fra.pdf |